000
00287nam a2200109Ia 4500
001
588851
005
20250717120838.0
008
250717s9999 xx 000 0 und d
245
0
_a
Y-6 BÜYÜK VATAN SAVUNMASI ÇANAKKALE
_c
ERCAN DOLAPÇI
260
_b
ERDEM YAYINLARI
_c
2018
300
_b
160
999
_c
588851
_d
588851